Quizzes
Events
Quiz Creation
Community
Videos
Private Events
Remove Ads
Sign In
Join for FREE
Feedback
Dark Mode
Quiz Categories
Sports
Geography
Music
Movies
Television
Just For Fun
Miscellaneous
History
Literature
Language
Science
Gaming
Entertainment
Religion
Holiday
For Kids
Quiz Lab
Recent
Popular Today
Quiz Kudos Today
Editor Picks
Curator Picks
Quizzes by...
Day
Popularity
Type
Ratings
Length
Year
Community
Subscriptions
Recent Discussions
Orange Saloon
Badges
Playlists
Quests
Create
Leaderboards
Showdown
Live 5
Trivia Bingo
Activity
Puzzle Library
Sporcle Events
Private Events
Virtual Trivia
Globe League
Become a Host
Pub Owners
SporcleCon
Opinionation
Our Games
Videos
Blog
Mobile Apps
Partnerships
Remove Ads and Go Orange
Feedback
Language
Vocabulary
Begins and Ends
Definition
Spanish
French
German
Italian
Chinese
Latin
Translation
Japanese
Language
Vocabulary
Begins and Ends
Definition
Spanish
French
German
Italian
Chinese
Latin
Translation
Japanese
Random Quiz
Search Sporcle
×
Quiz Lab
Quiz Lab
Language
Spanish
Type in answers that appear in a list
Type in answers that appear in a list
Classic
Best Score? Go Orange.
2A Vocabulary - English to Spanish Stats
Can you name the 2A Vocabulary - English to Spanish?
By
pspeidel
10m
37 Questions
60 Plays
60 Plays
60 Plays
Comments
Comments
Give Quiz Kudos
Give Quiz Kudos
-
- Ratings
hide this ad
Replay
Link that replays current quiz
Next Quiz
Link to next quiz in quiz playlist
You Got
0%
They Got
Avg Score
57%
Avg Friend Score
Upgrade to see
Score Distribution
Jump to the score distribution portion of the page
Score
0/37
Timer
10:00
0
Plays Today
Hint
Answer
% Correct
Spanish
español
95%
class
la clase
85%
to talk
hablar
85%
art
arte
83.3%
English
inglés
81.7%
to study
estudiar
76.7%
I need
necesito
76.7%
difficult
difícil
76.7%
first
primero
76.7%
you need
necesitas
75%
second
segundo
75%
easy
fácil
73.3%
interesting
interesante
71.7%
lunch
el almuerzo
70%
favourite
favorito
70%
boring
aburrido
63.3%
third
tercero
63.3%
math
matemáticas
60%
to teach
enseñar
60%
Hint
Answer
% Correct
calculator
la calculadora
60%
dictionary
el diccionario
58.3%
fun
divertido
58.3%
in the . . .hour (class period)
en la . . . hora
53.3%
homework
la tarea
51.7%
technology/
computers
tecnología
46.7%
fifth
quinto
46.7%
sixth
sexto
46.7%
fourth
cuarto
43.3%
physical education
educación física
40%
schedule
el horario
38.3%
seventh
séptimo
33.3%
eighth
octavo
31.7%
tenth
décimo
28.3%
social studies
ciencias sociales
26.7%
ninth
noveno
23.3%
science
ciencias naturales
15%
three-
ring binder
la carpeta de argollas
5%
Quiz Playlist
Details
Report
Send in Message
Add To Playlist
Classic:
Type in answers that appear in a list
Last Updated: Feb 16, 2017
Quiz Scoreboard
CHALLENGE
Sign Up to Join the Scoreboard
Show All
Scores
Hide
Comments
May contain spoilers
Recently Published
Movies - When Are They Set?
by FPL_Elf
Movies
5m
Popular People in 1961
by mucciniale
History
6m
1-10 Letter E Words III
by El_Dandy
Language
2m
More to Explore
Quiz From the Vault
Featured Blog Post
Where Did the Easter Bunny Come From?
hide this ad
You Might Also Like...
Tags
Spanish Quiz
In Spanish
Today's Top Quizzes in Language
Browse Language
hide this ad
Today's Top Quizzes in Spanish
Browse Spanish
Top Contributed Quizzes in Language
1
Order Up: Top 10 Most Native Spoken Languages
2
1-10 Letter F Words III
3
1-10 Letter G Words III
4
1-10 Letter H Words III
5
1-10 Letter I Words III
6
One Thing in Common: Italy
7
1-10 Letter J Words III
8
Weisst du, aus welchen Sprachen diese Wörter stammen?
9
Hiragana Speed Reading
10
Begins and Ends With AN
Explore More
Trending Topics
Disney
NBA
Harry Potter
Marvel
Crossword
Anime
Kpop
WWE
Puzzle
Soccer
Song
Country
NFL
Pokémon
The Office
hide this ad
More By:
pspeidel
Quiz
Plays
Rating
Category
Featured
Created
Can you conjugate the verbs 'poder' and 'dormir'?
2,294
2.00
Language
Feb 28, 2015
2.2B Clickable Vocabulary Realidades Dos
1,359
Language
Jan 22, 2016
Para Empezar - Greetings
1,212
3.00
Language
Jan 30, 2015
Para Empezar - En la clase (classroom items)
691
5.00
Language
Jan 30, 2015
Conjugate 'estar' in the present tense
551
1.67
Language
Nov 17, 2014
Go to Creator's Profile
Score Distribution
Quiz Creator Spotlight
pspeidel
Follow
Send a Message
Quizzes Created
-
Created Quiz Play Count
-
More By This Creator
Popular Quizzes Today
1
Find the Countries of Europe - No Outlines Minefield
2
Find the US States - No Outlines Minefield
3
The Countries of the World
4
Popular People in 1961
5
US States
6
1-10 Letter E Words III
7
Find the US States
8
One Thing in Common: World Cities II
More Language Quizzes
Verb Slideshow Acrostic II
Published
Trending Quizzes
Risky Map Clicking: Least Populous States A-Z
1-10 Letter F Words
Humor Books: The Subtitles
1-10 Letter G Words
One Thing in Common: United Kingdom
Recently Updated
Leaping Animals
pecheneg
Reality TV Shows (A-Z)
bhenderson79
Rickey Henderson's Hall of Fame Teammates
pecheneg
Champions League XIs: Arsenal
pecheneg
Quick Pick: Celebrities in WWE's Hall of Fame
aduchscher
A-Z Keypad Blitz II
pecheneg
Multiple Oscar Actors
pecheneg
Mystery Phrase Blitz: Oscar 'Best Actors'
pecheneg
F. Scott Fitzgerald Novels
LTH
Pick 3 Villains
ddd62291
Trending Topics
Disney
Harry Potter
NBA
Anime
Crossword
Kpop
Marvel
Puzzle
The Office
Country
Song
WWE
Soccer
Pokémon
NFL
Your Account Isn't Verified!
In order to create a playlist on Sporcle, you need to verify the email address you used during registration. Go to your
Sporcle Settings
to finish the process.
Report this User
Report this user for behavior that violates our
Community Guidelines
.
Details:
Send Report
Go to the Sporcle.com Mobile Site →
Comments